| 000 | 01273nab a22002777a 4500 | ||
|---|---|---|---|
| 999 |
_c5423 _d5423 |
||
| 003 | OSt | ||
| 005 | 20250407095428.0 | ||
| 008 | 190506c xxu||||| |||| 00| 0 spa d | ||
| 040 | _cPJ | ||
| 245 | 1 | 3 |
_aAmbiente, cerebro, IA : _bun trinomio no sustentable. Enfermedades y riesgos del ciber trabajador / _cViviana Díaz. |
| 260 |
_aBuenos Aires : _bAbeledoPerrot, _c2025. |
||
| 300 | _ap. 3-8 | ||
| 500 | _aTR LALEY AR/DOC/81/2025. | ||
| 505 | _aSumario: I. Introducción.— II. ¿Cuál es la relación entre la contaminación aérea y las enfermedades neurodegenerativas?— III. ¿La tecnología es adictiva? ¿La inteligencia artificial contamina? Luces y sombras.— IV. Riesgos del cyberworker. | ||
| 505 | _t¿Te interesa el texto completo? Comunicate al correo: koha@justierradelfuego.gov.ar | ||
| 650 | 0 |
_91316 _aDERECHO LABORAL |
|
| 650 | 0 |
_9289 _aTECNOLOGIA DE LA INFORMACION |
|
| 650 | 0 |
_96081 _aCIENCIA Y TECNOLOGÍA |
|
| 650 | 0 |
_95233 _aPANDEMIA |
|
| 650 | 0 |
_95817 _aINTELIGENCIA ARTIFICIAL |
|
| 650 | 0 |
_9273 _aDERECHO INFORMATICO |
|
| 650 | 0 |
_9281 _aINTERNET |
|
| 650 | 0 |
_91323 _aCONTRATO DE TRABAJO |
|
| 773 | 0 |
_02751 _93202 _dBuenos Aires : AbeledoPerrot, 2013- _tRevista de derecho laboral y seguridad social. Nº 3 - Febrero 2025 |
|
| 942 |
_2udc _cANA |
||